Представление документа в формате RUSMARC

ПолеНазваниеЗначение
  Тип записи a
  Библиографический уровень m
001 Контрольный номер RU/IS/BASE/504349227
005 Дата корректировки 20240209174617.1
010 Индекс ISBN __
a ISBN
b Уточнения в пер.
d Цена 5 р. 00 к.
9 Тираж 100 000 экз.
100 Данные общей обработки __
a Данные общей обработки 20151225d2015 ||| 0rusy0189 ca
101 Язык документа 0_
a Язык текста rus
102 Страна публикации __
a Страна публикации RU
105 Кодированные данные (монография) __
a Кодированные данные (монография) y###||||000|y
200 Заглавие и сведения об ответственности 1_
a Заглавие Пушкин в жизни
b Общее обозначение материала Текст
e Сведения, относящиеся к заглавию систематический свод подлинных свидетельств современников
f Первые сведения об ответственности В. В. Вересаев
g Последующие сведения об ответственности предисл. Д. Курнова, В. Сайтанова
g Последующие сведения об ответственности вступ. заметки, доп. и коммент. В. Сайтанова
g Последующие сведения об ответственности худож. Л. А. Тресман
210 Выходные данные 1_
a Место издания Минск
c Издательство Мастацкая лiтаратура
d Дата издания 1987
215 Физическое описание __
a Объем 683, [2] с.
c Иллюстрации/тип воспроизводства фот.
d Формат 20,5 см.
300 Общие примечания __
a Общие примечания Ограничения по возрасту - 16+
600 Персоналии _0
a Персоналии (Фамилия) Пушкин
b Персоналии (Имя, инициалы) А. С.
606 Тематические рубрики 0_
a Основная рубрика Пушкин, Александр Сергеевич (1799-1837)
610 Ключевые слова 0_
a Ключевые слова биография пушкинская
a Ключевые слова русская литература
a Ключевые слова классики русской поэзии
a Ключевые слова поэты русские
a Ключевые слова творчество
a Ключевые слова судьба поэта
686 Индексы других классификаций __
a Классификационный индекс 83.3(2Рос=Рус)1
2 Код системы ББК
700 Автор _0
a Фамилия Вересаев
b Имя (инициалы) Викентий Викентьевич
g Полное личное имя В. В.
801 Источник записи _0
a Страна RU
b Организация МБУК ЦБС
c Дата составления 20151225
g Правила каталогизации RCR
801 Источник записи _1
a Страна RU
b Организация МБУК ЦБС г. Ульяновска
c Дата составления 20151225
g Правила каталогизации RCR
899 Данные о местонахождении __
i Авторский знак В 31
j Расстановочный фильтр 83.3(2Рос=Рус)1
901 Тип документа __
t Тип документа m
910 Корректоры записи __
a Корректор записи Плотникова